| 000 | 00993cam a2200277 a 4500 | ||
|---|---|---|---|
| 001 | 1654616 | ||
| 003 | NUST - PNEC | ||
| 005 | 20170116181140.0 | ||
| 008 | 970806s1998 enka b 001 0 eng | ||
| 010 | _a 97036604 | ||
| 020 | _a0750637641 (pbk.) | ||
| 040 |
_aDLC _cLIBRARY _dDLC |
||
| 050 | 0 | 0 |
_aTP1120 _b.C74 1997 |
| 082 | 0 | 0 |
_a668.4 CRA _221 |
| 100 | 1 |
_aCrawford, R. J. _q(Roy James), _d1949- |
|
| 245 | 1 | 0 |
_aPlastics engineering / _cR.J. Crawford. |
| 250 | _a3rd ed. | ||
| 260 |
_aOxford ; _aBoston : _bButterworth-Heinemann, _c1998. |
||
| 300 |
_axv, 505 p. : _bill. ; _c24 cm. |
||
| 504 | _aIncludes bibliographical references and index. | ||
| 650 | 0 |
_aPlastics. _xEE |
|
| 856 | 4 | 2 |
_3Publisher description _uhttp://www.loc.gov/catdir/description/els032/97036604.html |
| 856 | 4 | 1 |
_3Table of contents _uhttp://www.loc.gov/catdir/toc/els032/97036604.html |
| 942 |
_2ddc _cBK |
||
| 999 |
_c70472 _d70472 |
||